| 000 | 00559nam a22001817a 4500 | ||
|---|---|---|---|
| 005 | 20170308122419.0 | ||
| 010 | _aENG-117438 | ||
| 020 |
_a9789385965531 _c375.00 |
||
| 035 | _aEN-100970 | ||
| 037 | _bDBAD/PUB | ||
| 082 | _a650.14 | ||
| 100 | _aAnand,R | ||
| 245 |
_aJob readiness for it & ites: _cby R anand _bA placement and career companion |
||
| 260 |
_aNew delhi _bMcGraw Hill Education _c2016 |
||
| 270 |
_aP-24, Green Park Extension _bNew Delhi _e110016 |
||
| 300 |
_axxvii,176p _c22cm (pbk) _bill |
||
| 942 |
_2ddc _cEN _h650.14 _mANA |
||
| 999 |
_c138136 _d138136 |
||